Statistics for US States and Canadian Provinces by National Park and Border

Click here to take the quiz!

General Stats

  • This quiz has been taken 59 times
  • The average score is 40 of 58

Answers on the Map

Answers color-coded by a green-red scale on the quiz's map according to % correct below.
 

Answer Stats

Bordering StatesState% Correct
Alaska, Washington, Yukon, Northwest Territories, Idaho, Montana, AlbertaBritish Columbia
100%
British Columbia, Northwest Territories, Saskatchewan, MontanaAlberta
97%
Arizona, Kansas, Nebraska, New Mexico, Oklahoma, Utah, WyomingColorado
97%
Montana, Nevada, Oregon, Utah, Washington, Wyoming, British ColumbiaIdaho
97%
Idaho, North Dakota, South Dakota, Wyoming, British Columbia, Alberta, SaskatchewanMontana
97%
Arizona, California, Idaho, Oregon, UtahNevada
97%
California, Idaho, Nevada, WashingtonOregon
97%
Alberta, Northwest Territories, Manitoba, Nunavut, Montana, North DakotaSaskatchewan
97%
Arizona, Colorado, Idaho, Nevada, New Mexico, WyomingUtah
97%
Idaho, Oregon, British ColumbiaWashington
97%
Colorado, Idaho, Montana, Nebraska, South Dakota, UtahWyoming
97%
Colorado, Iowa, Kansas, Missouri, South Dakota, WyomingNebraska
95%
Florida, Georgia, Mississippi, TennesseeAlabama
92%
California, Colorado, Nevada, New Mexico, UtahArizona
92%
Arizona, Nevada, OregonCalifornia
92%
Alabama, Florida, North Carolina, South Carolina, TennesseeGeorgia
92%
Alabama, GeorgiaFlorida
89%
Minnesota, Montana, South Dakota, Saskatchewan, ManitobaNorth Dakota
87%
Iowa, Minnesota, Montana, Nebraska, North Dakota, WyomingSouth Dakota
87%
Illinois, Indiana, Missouri, Ohio, Tennessee, Virginia, West VirginiaKentucky
84%
Arkansas, Illinois, Iowa, Kansas, Kentucky, Nebraska, Oklahoma, TennesseeMissouri
84%
Alabama, Arkansas, Georgia, Kentucky, Mississippi, Missouri, North Carolina, VirginiaTennessee
84%
Yukon, British ColumbiaAlaska
82%
Kentucky, Maryland, North Carolina, Tennessee, West VirginiaVirginia
82%
Alaska, British Columbia, Northwest TerritoriesYukon
82%
Louisiana, Mississippi, Missouri, Oklahoma, Tennessee, TexasArkansas
79%
Arizona, Colorado, Oklahoma, Texas, UtahNew Mexico
79%
Yukon, British Columbia, Alberta, Saskatchewan, Manitoba, NunavutNorthwest Territories
76%
Arkansas, Colorado, Kansas, Missouri, New Mexico, TexasOklahoma
74%
Illinois, Kentucky, Michigan, OhioIndiana
68%
Indiana, Kentucky, Michigan, Pennsylvania, West VirginiaOhio
68%
New Hampshire, Quebec, New BrunswickMaine
66%
Quebec, Maine, Nova ScotiaNew Brunswick
66%
Maine, Massachusetts, Vermont, QuebecNew Hampshire
66%
Georgia, South Carolina, Tennessee, VirginiaNorth Carolina
66%
Ontario, Newfoundland and Labrador, New Brunswick, New York, Vermont, New Hampshire, MaineQuebec
66%
Arkansas, Louisiana, New Mexico, OklahomaTexas
66%
Indiana, Iowa, Kentucky, Missouri, WisconsinIllinois
63%
Arkansas, Mississippi, TexasLouisiana
63%
Alabama, Arkansas, Louisiana, TennesseeMississippi
63%
Colorado, Missouri, Nebraska, OklahomaKansas
61%
Kentucky, Maryland, Ohio, Pennsylvania, VirginiaWest Virginia
61%
Hawaii
58%
Indiana, Ohio, Wisconsin, OntarioMichigan
58%
Minnesota, Michigan, New York, Manitoba, QuebecOntario
58%
Georgia, North CarolinaSouth Carolina
55%
Illinois, Iowa, Michigan, MinnesotaWisconsin
53%
Iowa, North Dakota, South Dakota, Wisconsin, Manitoba, OntarioMinnesota
50%
Illinois, Minnesota, Missouri, Nebraska, South Dakota, WisconsinIowa
47%
Delaware, Pennsylvania, Virginia, West VirginiaMaryland
37%
New BrunswickNova Scotia
18%
Delaware, Maryland, New Jersey, New York, Ohio, West VirginiaPennsylvania
16%
Nunavut, Northwest Territories, Saskatchewan, Ontario, North Dakota, MinnetosaManitoba
13%
QuebecNewfoundland and Labrador
13%
Connecticut, Massachusetts, New Jersey, Pennsylvania, Vermont, Ontario, QuebecNew York
13%
Prince Edward Island
13%
Northwest Territories, Saskatchewan, ManitobaNunavut
8%
Massachusetts, New Hampshire, New York, QuebecVermont
8%

Score Distribution

Percentile by Number Answered

Percent of People with Each Score

Your Score History

You have not taken this quiz